>1>Show #9145 - Friday, July 12, 2024>div>
>Isaac Hirsch game 8.

Contestants

>[&lt;< previous game]

> href="showplayer.php?player_id=17634" rel="external">Ashley Weaver>, an attorney from Lakewood, Ohio

> href="showplayer.php?player_id=17635" rel="external">Mike Ferguson>, a chemistry professor from Edmond, Oklahoma

> href="showplayer.php?player_id=17621" rel="external">Isaac Hirsch>, a customer support team lead from Burbank, California (whose 7-day cash winnings total $161,388)

>[next game >>]

Jeopardy! Round

ble class="round"> <tr>
>WHO'S SPEAKING IN THE HARRY POTTER BOOKS>tr> <tr>>td>tr> able> <tr>
>SET THE TABLE>tr> <tr>>td>tr> able> <tr>
>U.S. COINS>tr> <tr>>td>tr> able> <tr>
>TRANSPORTED TO CHICAGO THROUGH THE MAGIC OF ENTERTAINMENT>tr> <tr>>td>tr> able> <tr>
>THE ONLY VOWEL IS "Y">tr> <tr>>td>tr> able> <tr> </tr> <tr> </tr> <tr> </tr> <tr> </tr> <tr> </tr> <tr> </tr> <tr> </tr> <tr> </tr> <tr> </tr> <tr> </tr> <tr> </tr> <tr> </tr> <tr> </tr> <tr> </tr> <tr> </tr> <tr> </tr> <tr> </tr> <tr> </tr> <tr> </tr> <tr> </tr> <tr> </tr> <tr> </tr> <tr> </tr> <tr> </tr> <tr> </tr> <tr> </tr> <tr> </tr> <tr> </tr> <tr> </tr> <tr> </tr> <tr> </tr> <tr> </tr> <tr> </tr> <tr> </tr> <tr> </tr> <tr> </tr> able> >Scores at the first commercial break (after clue 15):
>LAKES & RIVERS>tr> <tr>>td>tr> able> <tr> <td>
>&#160;   >$200 > href="suggestcorrection.php?clue_id=525385" title="Suggest a correction for this clue" rel="nofollow">26>td>
>"I hope you're pleased with yourselves. We could all have been killed-->or worse, expelled" <tr> <td>
>&#160;   >$200 > href="suggestcorrection.php?clue_id=525377" title="Suggest a correction for this clue" rel="nofollow">22>td>
>On your next cruise, you may be lucky enough to get an invitation to dine at the table of this officer, who will be in uniform <tr> <td>
>&#160;   >$200 > href="suggestcorrection.php?clue_id=525387" title="Suggest a correction for this clue" rel="nofollow">28>td>
>From 1909 to 1958 the Lincoln penny depicted 2 sheaves of this on the reverse <tr> <td>
>&#160;   >$200 > href="suggestcorrection.php?clue_id=525379" title="Suggest a correction for this clue" rel="nofollow">20>td>
>As this noted citizen of Chicago in "The Untouchables", De Niro says: "Somebody messes with me, I'm gonna mess with him" <tr> <td>
>&#160;   >$200 > href="suggestcorrection.php?clue_id=525389" title="Suggest a correction for this clue" rel="nofollow">24>td>
>To be "in" this condition with someone means to be in exact harmony or accord <tr> <td>
>&#160;   >$200 > href="suggestcorrection.php?clue_id=525390" title="Suggest a correction for this clue" rel="nofollow">30>td>
>Minneapolis lies on this> river near its confluence with the Minnesota River <tr> <td>
>&#160;   >$400 > href="suggestcorrection.php?clue_id=525386" title="Suggest a correction for this clue" rel="nofollow">25>td>
>"You have permitted your friends to die for you rather than face me yourself. I shall wait for one hour in the Forbidden Forest" <tr> <td>
>&#160;   >$400 > href="suggestcorrection.php?clue_id=525378" title="Suggest a correction for this clue" rel="nofollow">21>td>
>Lord Byron wrote about this emperor after he died, "whose stakes were thrones, whose table earth-->whose dice were human bones" <tr> <td>
>&#160;   >$400 > href="suggestcorrection.php?clue_id=525388" title="Suggest a correction for this clue" rel="nofollow">27>td>
>Due to a minting error, this beast appears to have just 3 legs on some 1937 nickels <tr> <td>
>&#160;   >$400 > href="suggestcorrection.php?clue_id=525380" title="Suggest a correction for this clue" rel="nofollow">19>td>
>Who needs a cooking show when we have Ayo Edebiri as Sydney making a Boursin omelet on this series <tr> <td>
>&#160;   >$400 > href="suggestcorrection.php?clue_id=525381" title="Suggest a correction for this clue" rel="nofollow">23>td>
>It means to practice or perform diligently; a trade, perhaps <tr> <td>
>&#160;   >$400 > href="suggestcorrection.php?clue_id=525391" title="Suggest a correction for this clue" rel="nofollow">29>td>
>Uganda is bordered by lakes named for Victoria & this consort of Victoria <tr> <td>
>&#160;   >$600 > href="suggestcorrection.php?clue_id=525371" title="Suggest a correction for this clue" rel="nofollow">15>td>
>"Tiny little bloke, my dad was. By the time I was six I could lift him up an' put him on top o' the dresser" <tr> <td>
>&#160;   >$600 > href="suggestcorrection.php?clue_id=525374" title="Suggest a correction for this clue" rel="nofollow">10>td>
>The 23rd Psalm says, "Thou preparest a table before me in the presence of" these people <tr> <td>
>&#160;   >$600 > href="suggestcorrection.php?clue_id=525364" title="Suggest a correction for this clue" rel="nofollow">9>td>
>This Latin phrase has appeared on U.S. coinage since 1795 & must do so by law since 1873 <tr> <td>
>&#160;   >$600 > href="suggestcorrection.php?clue_id=525362" title="Suggest a correction for this clue" rel="nofollow">1>td>
>It's the occupation of Billy Flynn (Richard Gere on film) in the musical "Chicago" <tr> <td>
>&#160;   >$600 > href="suggestcorrection.php?clue_id=525368" title="Suggest a correction for this clue" rel="nofollow">4>td>
>Tough day of classes-->first econ, then chem, then this, & I haven't even done the assigned reading from Freud <tr> <td>
>&#160;   >$600 16>td>
This lake that forms a boundary between New York & Vermont bears the name of the French explorer who saw it in 1609 <tr> <td>
>&#160;   $800 12>td>
"You are here to learn the subtle science & exact art of potion-making" <tr> <td>
>&#160;   $800 13>td>
Playwright George S. Kaufman was a core member of this witty literary group whose name includes the hotel it met at <tr> <td>
>&#160;   $800 6>td>
In 1979 she replaced Eisenhower on the $1 coin, but just as women earn less on the dollar than men, her coin was slightly smaller <tr> <td>
>&#160;   $800 2>td>
David Eigenberg played Miranda's salt-of-the-earth husband on "Sex & the City" & now lugs a hose on this show <tr> <td>
>&#160;   $800 7>td>
An undine is a water-dwelling variety of one of these mythic creatures <tr> <td>
>&#160;   $800 17>td>
Vienna is just one of the national capitals that is on >this river <tr> <td>
>&#160;   $1000 11>td>
"I want to commit the murder I was imprisoned for" <tr> <td>
>&#160;   DD: $2,600 14>td>
If you head to this country, take a peek at its Table Mountain, which overlooks Table Bay Isaac>tr>>td> </tr> able> <tr> <td>
>&#160;   $1000 5>td>
A quarter released in 2023 features this Native American prima ballerina along with her Osage name, which means "two standards" Ashley>tr>>able width="100%">>d class="wrong">Triple Stumper>tr>>td> </tr> able> <tr> <td>
>&#160;   $1000 3>td>
The 2020 HBO series called this "Country" took place mostly in a racist & creepy 1950s Chicago <tr> <td>
>&#160;   $1000 8>td>
Eva Perón is buried in one of these subterranean chambers in Buenos Aires <tr> <td>
>&#160;   $1000 18>td>
China's second-longest river, it's been called the cradle of Chinese civilization
>Isaac >Mike >Ashley
>$3,000 >$3,800 >-$1,000
>Scores at the end of the Jeopardy! Round:
>Isaac >Mike >Ashley
>$6,600 >$5,800 >-$1,000
>Double Jeopardy! Round ble class="round">
<tr>d class="category_name">DOOM SCROLLING>tr> <tr>
>td>tr> able> <tr>d class="category_name">GARDENING GLOSSARY>tr> <tr>
>td>tr> able> <tr>d class="category_name">ART AROUND EUROPE>tr> <tr>
>td>tr> able> <tr>d class="category_name">FIRST LADIES>tr> <tr> </tr> <tr>
>td>tr> able> <tr>d class="category_name">PASSIONATE ABOUT NEUTRAL WORDS>tr> <tr>
>td>tr> able> <tr> </tr> <tr> </tr> <tr> </tr> <tr> </tr> <tr> </tr> <tr> </tr> <tr> </tr> <tr> </tr> <tr> </tr> <tr> </tr> <tr> </tr> <tr> </tr> <tr> </tr> <tr> </tr> <tr> </tr> <tr> </tr> <tr> </tr> <tr> </tr> <tr> </tr> <tr> </tr> <tr> </tr> <tr> </tr> <tr> </tr> <tr> </tr> <tr> </tr> <tr> </tr> <tr> </tr> <tr> </tr> <tr> </tr> <tr> </tr> <tr> </tr> <tr> </tr> <tr> </tr> <tr> </tr> <tr> </tr> <tr> </tr> able>

Scores at the end of the Double Jeopardy! Round:

>LAKES & RIVERS>tr> <tr>>td>tr> able> <tr> <td>
>&#160;   >$400 21>td>
It's the New Testament book where "heaven departed as a scroll when it is rolled together" <tr> <td>
>&#160;   >$400 26>td>
The prominent veining seen >here is due to chlorosis caused by a deficiency of this important metallic element Isaac>tr>>able width="100%">>d class="wrong">Triple Stumper>tr>>td> </tr> able> <tr> <td>
>&#160;   >$400 27>td>
In the 19th century, Eugene Boudin did thousands of scenes of the newly touristy beaches of Normandy, like Trouville on >this body of water <tr> <td>
>&#160;   >$400 28>td>
In a 2019 memoir Carly Simon wrote about her friendship with this first lady, whom she first met on Martha's Vineyard <tr> <td>
>&#160;   >$400 29>td>
A 2012 headline asked if this kind of voter would "tip the election against Obama", but we haven't made up our minds on that yet <tr> <td>
>&#160;   >$400 1>td>
This Oscar-winning actor honored his late brother by naming his first son River in 2020 <tr> <td>
>&#160;   $800 20>td>
Hesiod wrote that this deity succeeded Cronus & killed all humans for their impiety before re-creating them from ash trees Isaac>tr>>able width="100%">>d class="wrong">Triple Stumper>tr>>td> </tr> able> <tr> <td>
>&#160;   $800 25>td>
It sounds like a Jerry Garcia fan, but it means to prune faded flowers from stems to promote blooming Ashley>tr>>td> </tr> able> <tr> <td>
>&#160;   $800 18>td>
Barely leaving Bologna, Giorgio Morandi did paintings of bottles & jugs, many simply called natura morta, Italian for this Isaac>tr>>able width="100%">>d class="wrong">Triple Stumper>tr>>td> </tr> able> <tr> <td>
>&#160;   $800 30>td>
Her first husband John Todd & their youngest son died during a 1793 yellow fever epidemic in Philadelphia Isaac>tr>>able width="100%">>d class="wrong">Triple Stumper>tr>>td> </tr> able> <tr> <td>
>&#160;   $800 17>td>
Separated or isolated, like the garage next to a house Ashley>tr>>td> </tr> able> <tr> <td>
>&#160;   $800 10>td>
Pixar's first non-binary movie character was the aqueous Lake Ripple from this 2023 flick <tr> <td>
>&#160;   $1200 2>td>
In Egyptian myth the snake god Apophis attacks Ra's boat & tries to prevent this daily event <tr> <td>
>&#160;   $1200 24>td>
When talking about fertilizer, know the N-P-K ratio & that N-P-K refers to these 3 nutrients <tr> <td>
>&#160;   $1200 9>td>
Looking at >"The Syndics" or cloth quality control board of this city, the guy with no big hat is a servant, not a syndic <tr> <td>
>&#160;   DD: $2,500 5>td>
This future first lady made her society debut in 1902 at the Waldorf-Astoria Hotel in New York City <tr> <td>
>&#160;   $1200 16>td>
Fair-minded, like this word, is a 10-letter adjective, includes a body part & means not favoring one or another <tr> <td>
>&#160;   $1200 11>td>
In 2007 this Weezer frontman released "Alone", a collection of 18 home demos <tr> <td>
>&#160;   $1600 3>td>
In a Hindu text it's this god who says, "Now I am become death, the destroyer of worlds" Ashley>tr>>td> </tr> able> <tr> <td>
>&#160;   $1600 23>td>
From Latin for "sprouting forth", it's the process by which seeds begin to grow <tr> <td>
>&#160;   $1600 6>td>
"The Liffey Swim" in the National Gallery of Ireland is by Jack, the painter brother of this poet <tr> <td>
>&#160;   $1600 8>td>
From a prominent & wealthy Ohio family, she was known as the "Belle of Canton" Ashley>tr>>able width="100%">>d class="wrong">Triple Stumper>tr>>td> </tr> able> <tr> <td>
>&#160;   $1600 14>td>
"Black's Law Dictionary" said it's a "term used for... fair and unprejudiced"; a good juror should be that way <tr> <td>
>&#160;   $1600 12>td>
>This veteran actress wrote, directed & starred in "In a World", a 2013 movie about the cutthroat voiceover world <tr> <td>
>&#160;   $2000 4>td>
The "Prose Edda" has some grim previews of this event, Norse myth's Götterdämmerung or twilight of the gods <tr> <td>
>&#160;   $2000 22>td>
The Denver Water Dept. gets credit for coining this late-in-the-alphabet word for gardening that uses little water <tr> <td>
>&#160;   $2000 7>td>
Tired of the French ones? Head to this city to see the work seen >here & others by the top Romanian impressionist Nicolae Grigorescu <tr> <td>
>&#160;   $2000 19>td>
Reputed to have had quasi presidential powers for a while, >she lived into the 1960s <tr> <td>
>&#160;   DD: $6,000 > href="suggestcorrection.php?clue_id=525403" title="Suggest a correction for this clue" rel="nofollow">15>td>
>As an adjective, it means to be clear on facts, with no personal feelings; as a noun, it refers to the goal of a task <tr> <td>
>&#160;   $2000 > href="suggestcorrection.php?clue_id=525406" title="Suggest a correction for this clue" rel="nofollow">13>td>
>Played by Summer Glau, River Tam saved the day in "Serenity", the movie sequel to this sci-fi series with a Western feel
>Isaac >Mike >Ashley
$21,500 $17,000 >-$2,600

>[wagering suggestions for these scores]

Final Jeopardy! Round

ble class="final_round">
<table> <tr>d class="category_name">NAMES IN MEDICINE>tr>
>td>tr>
iv>
<tr> <td id="clue_FJ" class="clue_text">He got a special presidential citation in 1955, passed away in 1995 & was dubbed "the man who saved the children"